000 01066nam a2200313 i 4500
003 EG-GICUC
005 20260430090911.0
008 260430s1929 fr addafr|||| 001 0 fre d
040 _aEG-GiCUC
_bfre
_cEG-GiCUC
_dEG-GiCUC
_eRda
041 0 _afre
082 0 4 _221
_a345.32421
_bAM . C
092 0 4 _221
099 _aLaw1 07 345.32421 AM . C 1 ed - 1929
100 1 _aAmblard, Jacques,
_eAuteur
245 _aLe Code de la Route :
_b guide pratique de l'automobiliste /
_cJacques Amblard ; préface de M. Jean Appleton.
250 _a Deuxième édition revue et complétée.
264 _a Paris :
_bLibrairie Dalloz,
_c1929.
300 _a328 page :
_btableaux ;
_c 24 cm.
336 _2rda contenu
_a texte
337 _2rda medias
_aOrdinateur
338 _2 transporteur rda
_a Ressource en ligne
546 _aTexte en français
650 1 4 _aDroit administratif
_2qrmak
651 1 _2qrmak
700 1 _a Appleton, Jean
_ePréfacier
856 4 0 _uhttps://fll.law.cu.edu.eg/fulltext/bks/B07-03439.pdf
905 _a171
942 _2ddc
_cBK
_e21
_n0
999 _c74399
_d74399